000 00486nam a2200169 4500
001 123983
003 ES-MaACL
005 20230906192305.0
007 t|
008 070214m19091911fr r ||||1| fre d
100 1 _aRamsay, William.
_995373
245 1 3 _aLa chimie moderne /
_cWilliam Ramsay ; traduit par H. de Miffonis.
260 _aParis :
_bGauthier-Villars,
_c1909-11.
300 _a2 v. :
_bil. ;
_c19 cm.
700 1 _aMiffonis, H. de.
_980981
852 _aES-MaACL
_jF-405-6
999 _c123983
_d123983